| 000 | 00803nam0a22002411 4500 | ||
|---|---|---|---|
| 001 | rc\2615608 | ||
| 005 | 20250623140246.0 | ||
| 035 | _a(NLR Aleph) 006779369 | ||
| 090 |
_a6027934 _c6027934 |
||
| 100 | _a20110914d1931 |||y0rusy50 ca | ||
| 101 | 0 | _arus | |
| 102 | _aRU | ||
| 105 | _aa z ||||| | ||
| 200 | 1 | _aИнструкция по геотопографическим работам Госземтреста | |
| 210 |
_aБарнаул _cтип. Сибкрайполиграфтреста № 5 _d1931 |
||
| 215 |
_a61 с., 1 вкл. л. граф. _cчерт. _d21х15 см. |
||
| 710 | 0 | 2 |
_aГосземтрест _cМосква _9763473 _3RU\NLR\AUTH\880548974 |
| 801 | 0 |
_aRU _bNLR _gpsbo |
|
| 801 | 1 |
_aRU _bELAR _2rusmarc |
|
| 852 |
_aNLR _j32-10/110 |
||
| 942 | _cBOOK | ||
| 980 | _aNB | ||